000 00599nam a2200193 i 4500
001 111514
003 ES-MaACL
005 20230906185320.0
007 t|
008 061121s1945 dr f |||| |bspa d
100 1 _aNanita, Abelardo R.
_984898
245 1 0 _aTrujillo /
_cAbelardo R. Nanita.
250 _a4ª ed. rev. y aum.
260 _aSantiago (República Dominicana) :
_bEl Diario,
_c1945.
300 _a151 p., 5 lám. ;
_c21 cm.
600 1 4 _aTrujillo Molina, Rafael Leónidas.
_9111579
651 4 _aRepública Dominicana-
_xHistoria-
_y1930-1961.
_9155367
852 _aES-MaACL
_jE-2020
999 _c111514
_d111514